MARC

LEADER 00000nam0a2200000 4500
001 297153
005 20231102000959.0
035 |a (RuTPU)RU\TPU\book\322273 
090 |a 297153 
100 |a 20150605d1983 m y0rusy5003 ca 
101 0 |a rus 
102 |a RU 
105 |a a j 001zy 
200 1 |a Стандартизация в управлении научно-техническим прогрессом, качеством труда и выпускаемой продукции  |e учебное пособие  |f Г. Н. Бобровников  |g Академия народного хозяйства при Совете Министров СССР (АНХ) 
210 |a Москва  |c [Б. и.]  |d 1983 
215 |a 134 с.  |c ил.  |d 20 см 
320 |a Библиогр.: с. 133-134 
606 1 |a Стандартизация  |2 stltpush  |3 (RuTPU)RU\TPU\subj\67652  |9 83373 
610 1 |a понятия 
610 1 |a термины 
610 1 |a СССР 
610 1 |a государственная политика 
610 1 |a народное хозяйство 
610 1 |a технический уровень 
610 1 |a продукция 
610 1 |a качество 
610 1 |a унификация 
610 1 |a аттестация 
610 1 |a экономическая эффективность 
610 1 |a учебные пособия 
675 |a 006(075.8)  |z rus  |v 4 
700 1 |a Бобровников  |b Г. Н.  |g Геннадий Николаевич  |4 070 
712 0 2 |a Академия народного хозяйства при Совете Министров СССР (АНХ)  |c (Москва)  |c (1977-1992)  |2 stltpush  |3 (RuTPU)RU\TPU\col\21511 
801 0 |a RU  |b RuMRKP  |c 19950704  |g psbo 
801 1 |a RU  |b 63413507  |c 20150605 
801 2 |a RU  |b 63413507  |c 20190124  |g RCR 
942 |c BK